| 000 | 00911cam a2200289 a 4500 | ||
|---|---|---|---|
| 001 | 15412122 | ||
| 003 | OSt | ||
| 005 | 20250702163411.0 | ||
| 008 | 080814s2010 mau b 001 0 eng | ||
| 010 | _a 2008036091 | ||
| 020 | _a9780073531830 (alk. paper) | ||
| 020 | _a0073531839 (alk. paper) | ||
| 040 |
_aDLC _cDLC _dDLC |
||
| 050 | 0 | 0 |
_aBF121 _b.F32 2010 |
| 082 | 0 | 0 |
_a150 _222 |
| 100 | 1 | _aFeist, Gregory J. | |
| 245 | 1 | 0 |
_aPsychology : _bmaking connections / |
| 250 | _a1st ed. | ||
| 260 |
_aBoston : _bMcGraw-Hill Higher Education, _c2010. |
||
| 300 |
_axlii, 645 p. : _bcol. ill. ; _c28 cm. |
||
| 504 | _aIncludes bibliographical references and index. | ||
| 650 | 0 |
_aPsychology _vTextbooks. |
|
| 700 | 1 | _aRosenberg, Erika L. | |
| 856 | 4 | 1 |
_3Table of contents only _uhttp://www.loc.gov/catdir/toc/ecip0825/2008036091.html |
| 906 |
_a7 _bcbc _corignew _d1 _eecip _f20 _gy-gencatlg |
||
| 942 |
_2lcc _cBK |
||
| 999 |
_c49269 _d49269 |
||